Trivia Questions ( Geography ) - Statistics

General Stats
  • This quiz has been taken 27 times
  • The average score is 6 of 8
Answer Stats
Question Answer % Correct
What country started World War 2? Nazi Germany
100%
What is the largest ASEAN country? Indonesia
85%
What was the most feared empire? Mongol Empire
85%
In what year did the Soviet Union get split up? 1991
73%
Who helped Bangladesh get independence in 1971? India
73%
Which of these countries were part of the Central Powers? Ottoman Empire
73%
Which country helped Nazi Germany defeat Poland? Soviet Union
69%
Which of the following countries helped India in the 1971 war with Pakistan? Soviet Union
42%
No matching quizzes found
Score Distribution
Percent of People with Each Score
Percentile by Number Answered
Your Score History
You have not taken this quiz